Pokemon Type Electrik - Aléatoire - Statistiques

Statistiques générales
  • Ce quiz a été pris 16 fois
    9 depuis la dernière actualisation
  • Le résultat moyen est 21 sur 25
Statistiques - réponses
Par images Réponse % Correct
Anchwatt
100%
Arceus (Plaque Volt)
100%
Chrysapile
100%
Dedenne
100%
Dynavolt
100%
Elecsprint
100%
Electhor
100%
Electrode
100%
Elekid
100%
Emolga
100%
Gravalanch d'Alola
100%
Iguolta
100%
Lainergie
100%
Lanturn
100%
Limonde
100%
Lixy
100%
Luxio
100%
Luxray
100%
Magnéti
100%
Magnéton
100%
Magnézone
100%
Méga-Pharamp
100%
Méga-Raichu Y
100%
Miraidon
100%
Morpeko
100%
Motisma
100%
Motisma (Chaleur)
100%
Motisma (Hélice)
100%
Motisma (Lavage)
100%
Motisma (Tonte)
100%
Mygavolt
100%
Négapi
100%
Pachirisu
100%
Pharamp
100%
Pichu
100%
Pikachu
100%
Plumeline (Style Pom-Pom)
100%
Pohm
100%
Pohmarmotte
100%
Pohmotte
100%
Posipi
100%
Raichu
100%
Raichu d'Alola
100%
Raikou
100%
Regieleki
100%
Statitik
100%
Tokorico
100%
Voltali
100%
Voltorbe
100%
Voltoutou
100%
Wattapik
100%
Zébibron
100%
Zéblitz
100%
Zekrom
100%
Zeraora
100%
Ohmassacre
80%
Loupio
75%
Lucanon
75%
Elekable
67%
Fulgudog
67%
Galvaran
67%
Paume-de-Fer
67%
Togedemaru
67%
Toxizap
67%
Electrode de Hisui
50%
Fulgulairo
50%
Fulguris
50%
Galvagla
50%
Ire-Foudre
50%
Racaillou d'Alola
50%
Têtampoule
50%
Ampibidou
33%
Epine-de-Fer
33%
Voltorbe de Hisui
33%
Câblifère
0%
Elektek
0%
Galvagon
0%
Grolem d'Alola
0%
Lampéroie
0%
Méga-Elecsprint
0%
Méga-Raichu X
0%
Motisma (Froid)
0%
Pelage-Sablé
0%
Salarsen
0%
Silvallié (ROM Electrik)
0%
Wattouat
0%
Zapétrel
0%
Aucun quiz correspondant
Distribution des résultats
% des personnes avec chaque résultat
Percentile par nombre de réponses
Votre historique - résultats
Vous n’avez pas pris ce quiz depuis la dernière actualisation